| 000 | 00640nam a22001937a 4500 | ||
|---|---|---|---|
| 005 | 20170623170453.0 | ||
| 010 | _aENG-118927 | ||
| 020 |
_a9788181770387 _c1100.00 |
||
| 035 | _aEN-102459 | ||
| 037 | _bDBAD/PUB | ||
| 082 | _a615.3210954 | ||
| 100 | _aSelvam,A.B.D. | ||
| 245 |
_aPharmacognosy of negative listed plants / _cby A.B.D. Selvom |
||
| 260 |
_aKolkata _bBotanical survey of india _c2012 |
||
| 270 | _aCGO Complex , 3rd Floor MSO Building,DF Block 5th and 6th floor, Sector1,Salt Lake Kolkata-700064 | ||
| 300 |
_a286p _c22cm(Hb) _bill. |
||
| 500 | _aIncludes Index | ||
| 942 |
_2ddc _cEN _h615.3210954 _kSEL |
||
| 999 |
_c141977 _d141977 |
||